| 000 | 01242nam2a22002651 4500 | ||
|---|---|---|---|
| 001 | rc\4209902 | ||
| 005 | 20250611132912.0 | ||
| 021 |
_aRU _b[47-16241] |
||
| 035 | _a(NLR Aleph) 008207945 | ||
| 090 |
_a8078228 _c8078228 |
||
| 100 | _a20130415d1947 |||y0rusy50 ca | ||
| 101 | 0 | _arus | |
| 102 | _aRU | ||
| 105 | _aa z ||||| | ||
| 200 | 1 | _aВоенная топография | |
| 210 |
_aМосква _cВоен. изд-во _d1947 |
||
| 215 |
_a160 с. _cил. |
||
| 320 | _aБиблиогр.: с. 152 (12 назв.) | ||
| 461 | 0 |
_1001rc\4209901 _12001#$aУчебник сержанта артиллерии$fПод ред. доц., канд. воен. наук, полк. Н.Н. Никифорова$vКн. 2 _1700#1$aУргачев$bВ.В.$gВладимир Васильевич _98078222 _aУргачев, В.В. _cМосква _d1947 _fПод ред. доц., канд. воен. наук, полк. Н.Н. Никифорова _nВоен. изд-во _tУчебник сержанта артиллерии _vКн. 2 |
|
| 606 |
_aВоенная топография _jУчебники и пособия (кн. 2) _2psbo |
||
| 801 | 0 |
_aRU _bNLR _gpsbo |
|
| 801 | 1 |
_aRU _bELAR _2rusmarc |
|
| 852 |
_aNLR _jВ60 Г-5/164 |
||
| 942 | _cBOOK | ||
| 980 | _aNB | ||